Zákon o dluhopisech nabývá účinnosti.
Platnosť právneho predpisu v ČSFR o zásadách experimentálneho využívania obligácií k financovaniu rozvojových potrieb organizácií. Pojem a charakteristika dlhopisu. Vydávanie dlhopisov. Druhy dlhopisov - hypotečné záložné listy, štátne, komunálne a poľnohospodárske obligácie. Sankcie a právna úprava...
Saved in:
| Main Author: | |
|---|---|
| Format: | Book Chapter |
| Language: | Czech |
| Subjects: | |
| Tags: |
No Tags, Be the first to tag this record!
|
MARC
| LEADER | 00000naa a2200000 4500 | ||
|---|---|---|---|
| 001 | r004540 | ||
| 005 | 20221125081518.4 | ||
| 041 | 0 | |a cze | |
| 044 | |a [CS] | ||
| 245 | 1 | 0 | |a Zákon o dluhopisech nabývá účinnosti. |c J. Špička |
| 520 | |a Platnosť právneho predpisu v ČSFR o zásadách experimentálneho využívania obligácií k financovaniu rozvojových potrieb organizácií. Pojem a charakteristika dlhopisu. Vydávanie dlhopisov. Druhy dlhopisov - hypotečné záložné listy, štátne, komunálne a poľnohospodárske obligácie. Sankcie a právna úprava doposiaľ vydaných podnikových obligácií. | ||
| 610 | 2 | 0 | |a predpisy právne |
| 610 | 2 | 0 | |a dlhopisy |
| 610 | 2 | 0 | |a zákony |
| 610 | 2 | 0 | |a ČSFR |
| 610 | 2 | 0 | |a 1991 |
| 610 | 2 | 0 | |a financovanie podnikov |
| 610 | 2 | 0 | |a sankcie |
| 610 | 2 | 0 | |a obligácie |
| 100 | 1 | |a Špička, J. | |